Statistics for Players with 80+ Shooting in Fifa 21

Click here to take the quiz!

General Stats

  • This quiz has been taken 42 times
  • The average score is 69 of 135

Answer Stats

ShootingClubNationPlayer% Correct
93Piemonte CalcioPortugalCristiano Ronaldo
100%
91Tottenham HotspurEnglandHarry Kane
97%
86Tottenham HotspurSouth KoreaHeung-Min Son
97%
86Manchester CityBelgiumKevin De Bruyne
97%
86PSGFranceKylian Mbappe
97%
92FC BarcelonaArgentinaLionel Messi
97%
90Atletico MadridUruguayLuis Suarez
97%
86LiverpoolEgyptMohamed Salah
97%
86ArsenalGabonPierre-Emerick Aubameyang
97%
91Bayern MunichPolandRobert Lewandowski
97%
90Manchester CityArgentinaSergio Aguero
97%
88AC MilanSwedenZlatan Ibrahimovic
97%
88LazioItalyCiro Immobile
94%
86Borussia DortmundGermanyMarco Reus
94%
87Borussia DortmundNorwayErling Haland
91%
86EvertonColombiaJames Rodriguez
91%
85Leicester CityEnglandJamie Vardy
91%
85Piemonte CalcioArgentinaPaulo Dybala
91%
85LiverpoolSenegalSadio Mane
91%
85ChelseaGermanyTimo Werner
91%
85Real MadridFranceKarim Benzema
88%
84Tottenham HotspurWalesGareth Bale
85%
85PSGArgentinaMauro Icardi
85%
85PSGBrazilNeymar
85%
81PSGArgentinaAngel Di Maria
82%
85FC BarcelonaFranceAntoine Griezmann
82%
83Manchester UnitedPortugalBruno Fernandes
79%
84Roma FCBosnia-HerzegovinaEdin Dzeko
79%
81ChelseaGermanyKai Havertz
79%
83Olympique LyonNetherlandsMemphis Depay
79%
82Bayern MunichGermanyThomas Muller
79%
83Manchester UnitedFranceAnthony Martial
76%
85Inter MiamiArgentinaGonzalo Higuain
76%
83Manchester UnitedEnglandMarcus Rashford
76%
81Manchester UnitedFrancePaul Pogba
76%
85RC CeltaSpainIago Aspas
73%
80Atlanta UnitedVenezuelaJosef Martinez
73%
82Inter MilanArgentinaLautaro Martinez
73%
80LiverpoolBrazilRoberto Firmino
73%
82ArsenalFranceAlexandre Lacazette
70%
82Real MadridBelgiumEden Hazard
70%
82Manchester CityBrazilGabriel Jesus
70%
82Real BetisFranceNabil Fekir
70%
84Villarreal CFSpainGerard Moreno
67%
86AtalantaSloveniaJosip Ilicic
67%
81Bayern MunichGermanyLeroy Sane
67%
85TSG HoffenheimCroatiaAndrej Kramaric
64%
81Inter MilanDenmarkChristian Eriksen
64%
82NapoliBelgiumDries Mertens
64%
81Atletico MadridPortugalJoao Felix
64%
84AS MonacoGermanyKevin Volland
64%
83Inter MilanBelgiumRomelu Lukaku
64%
83Bayern MunichGermanySerge Gnabry
64%
82WolvesMexicoRaul Jimenez
61%
83AS MonacoFranceWissam Ben Yedder
61%
80Piemonte CalcioSpainAlvaro Morata
58%
81AtalantaColombiaDuvan Zapata
58%
81Manchester CityEnglandRaheem Sterling
58%
81Real MadridGermanyToni Kroos
58%
81Atletico MadridBelgiumYannick Carrasco
58%
83Tigres UANLFranceAndre-Pierre Gignac
55%
83Villarreal CFSpainDaniel Parejo
55%
81SouthamptonEnglandDanny Ings
55%
81Eintracht FrankfurtSerbiaLuka Jovic
55%
83RB LeipzigAustriaMarcel Sabitzer
55%
83Borussia MonchengladbachFranceAlassane Plea
52%
85Olympique MarseillePolandArkadiusz Milik
52%
85SampdoriaItalyFabio Quagliarella
52%
81Inter MilanCroatiaIvan Perisic
52%
80Borussia MonchengladbachFranceMarcus Thuram
52%
80Real MadridDominican RepublicMariano
52%
81Valencia CFUruguayMaxi Gomez
52%
82Real SociedadSpainMikel Oyarzabal
52%
80AjaxSerbiaDusan Tadic
45%
82Guangzhou EvergrandeBrazilPaulinho
45%
81TorinoItalyAndrea Belotti
42%
80Atletico MadridArgentinaAngel Correa
42%
80AC MilanCroatiaAnte Rebic
42%
82LAFCMexicoCarlos Vela
42%
80Manchester UnitedNetherlandsDonny Van De Beek
42%
82PSV EindhovenIsraelEran Zahavi
42%
82VFL WolfsburgNetherlandsWout Weghorst
42%
82FC GroningenNetherlandsArjen Robben
39%
82Al-HilalFranceBafetimbi Gomis
39%
81LOSC LilleTurkeyBurak Yilmaz
39%
83Sevilla FCArgentinaLucas Ocampos
39%
82Shanghai SIPGAustriaMarko Arnautovic
39%
81Derby CountyEnglandWayne Rooney
39%
80West Ham UnitedUkraineAndriy Yarmolenko
36%
80CagliariBelgiumRadja Nainggolan
36%
80Real SociedadSwedenAlexander Isak
33%
81Boca JuniorsArgentinaCarlos Tevez
33%
82Shanghai SIPGBrazilHulk
33%
80Real MadridSpainMarco Asensio
33%
81Union BerlinGermanyMax Kruse
33%
81OGC NiceDenmarkKasper Dolberg
30%
83Athletic BilbaoSpainRaul Garcia
30%
80AjaxFranceSebastien Haller
30%
80Tottenham HotspurBrazilCarlos Vinicius
27%
80Tottenham HotspurEnglandDele Alli
27%
80SassuoloItalyDomenico Berardi
27%
80Olympique MarseilleFranceFlorian Thauvin
27%
82Borussia MonchengladbachGermanyLars Stindl
27%
80GalatasarayColombiaRadamel Falcao
27%
82Guangzhou EvergrandeBrazilAnderson Talisca
24%
80Beijing GuoanDR CongoCedric Bakambu
24%
80Olympique MarseilleArgentinaDario Benedetto
24%
80Montpellier HSCAlgeriaAndy Delort
21%
81Girona FCUruguayCristhian Stuani
21%
81Levante UDMacedoniaEnis Bardhi
21%
82D. AlavesSpainLucas Perez
18%
81Club BruggeNetherlandsBas Dost
15%
81CA OsasunaArgentinaEzequiel Avila
15%
80RangersEnglandJermain Defoe
15%
80Racing ClubArgentinaLisandro Lopez
15%
80VFL WolfsburgGermanyMaximilian Arnold
15%
84Villarreal CFSpainPaco Alcacer
15%
80AjaxNetherlandsQuincy Promes
15%
80RCD EspanyolSpainRaul De Tomas
15%
80Real BetisSpainSergio Canales
15%
80WolvesBrazilWillian Jose
15%
81FC AugsburgIcelandAlfred Finnbogason
12%
80Getafe CFSpainJaime Mata
12%
81OlympiacosMoroccoYoussef El-Arabi
12%
82Granada CFSpainJorge Molina
9%
80Shakhtar DonetskUkraineJunior Moraes
9%
80Fortuna DusseldorfGermanyRouwen Hennings
9%
80Al-NassrMoroccoAbderrazak Hamdallah
6%
80Newell's Old BoysArgentinaIgnacio Scocco
6%
80Levante UDSpainRoger
6%
80FeyenoordNetherlandsSteven Berghuis
6%
80Guangzhou EvergrandeChinaAi Kesen
3%
80JuniorColombiaMichael Rangel
3%
82Getafe CFSpainAngel
0%
81Real BetisSpainLoren
0%

Score Distribution

Percentile by Number Answered

Percent of People with Each Score

Your Score History

You have not taken this quiz